50 countries with the most millionaires - Statistics

General Stats
  • This quiz has been taken 99 times
  • The average score is 42 of 49
Answer Stats
Hint Answer % Correct
1. 26.7M United States
99%
2. 6.8M China
97%
4. 3.2M United Kingdom
97%
5. 2.9M France
96%
26. 250K Brazil
95%
6. 2.5M Germany
95%
14. 890K India
95%
11. 1.1M Italy
95%
18. 500K Russia
95%
8. 2.1M Canada
93%
3. 3.67M Japan
93%
9. 1.8M South Korea
93%
12. 1M Spain
93%
21. 320K Mexico
92%
33. 102K Poland
92%
7. 2.3M Australia
90%
16. 650K Sweden
90%
34. 99K Finland
88%
22. 300K New Zealand
88%
35. 95K South Africa
88%
30. 185K Indonesia
86%
25. 270K Norway
86%
31. 160K Portugal
86%
20. 350K Saudi Arabia
86%
10. 1.7M Switzerland
86%
39. 73K Turkey
85%
36. 85K Egypt
84%
38. 79K Thailand
84%
24. 290K Austria
82%
17. 590K Belgium
82%
45. 42K Colombia
82%
19. 480K Denmark
82%
32. 150K Iran
82%
29. 190K Ireland
82%
42. 60K Chile
81%
13. 900K Netherlands
81%
23. 293K Singapore
81%
43. 55K Vietnam
81%
37. 80K Greece
79%
49. 25K Malaysia
79%
27. 219K Israel
78%
48. 29K Qatar
78%
41. 63K Czech Republic
75%
15. 800K Taiwan
73%
46. 38K Hungary
71%
44. 49K Romania
70%
47. 30K Iceland
67%
40. 70K Philippines
67%
28. 200K Kuwait
59%
No matching quizzes found
Score Distribution
Percent of People with Each Score
Percentile by Number Answered
Your Score History
You have not taken this quiz